[Event "Luzern ol (Men)"]
[Site "Luzern"]
[Date "1982.??.??"]
[Round "13"]
[White "Fernandez, A."]
[Black "Liu Wenzhe"]
[Result "1-0"]
[WhiteElo "2340"]
[BlackElo "2400"]

1.e4 c5 2.Nf3 d6 3.d4 cxd4 4.Nxd4 Nf6 5.Nc3 Nc6 6.Bg5 e6 7.Qd2 a6 8.O-O-O Qb6
9.f3 Be7 10.Be3 Qc7 11.g4 b5 12.Nxc6 Qxc6 13.h4 Bb7 14.h5 h6 15.Kb1 Nd7 16.g5 hxg5
17.Bxg5 f6 18.Bf4 Nc5 19.Qg2 O-O-O 20.Qxg7 Qc7 21.Qg4 Kb8 22.a3 f5 23.exf5 Rhg8
24.Qh3 e5 25.Bh2 d5 26.Rg1 Rxg1 27.Bxg1 d4 28.Ne4 Nxe4 29.fxe4 Bxe4 30.Bd3 Bd5
31.Bh2 Bd6 32.Re1 Ka7 33.h6 b4 34.a4 b3 35.h7 Qa5 36.Rg1 Qxa4 37.h8=Q Rxh8
38.Qxh8 bxc2+ 39.Bxc2 Qa2+ 40.Kc1 Qa1+ 41.Bb1 Be4 42.Rg7+ Kb6 43.Qd8+ Kc5
44.Rc7+ Kb5 45.Rb7+ Kc5 46.Rc7+ Kb5 47.Rb7+ Kc5 48.Qc8+ Kd5 49.Qg8+ Kc5 50.Qc8+ Kd5
51.Rb5+ axb5 52.Qb7+ Kc4 53.Qxe4 Qa7 54.Bxe5 Bxe5 55.Bd3+  1-0

[Event "Marbella zt-A"]
[Site "Marbella"]
[Date "1982.??.??"]
[Round "11"]
[White "Fernandez Garcia, Jose L"]
[Black "Van der Wiel, John TH"]
[Result "0-1"]
[WhiteElo "2405"]
[BlackElo "2470"]

1.e4 c5 2.Nf3 d6 3.d4 Nf6 4.Nc3 cxd4 5.Nxd4 Nc6 6.Bg5 e6 7.Qd2 a6 8.O-O-O h6
9.Bf4 Bd7 10.Nxc6 Bxc6 11.Qe1 Qa5 12.f3 O-O-O 13.Bc4 Nd7 14.a3 Qc7 15.Ba2 Kb8
16.Kb1 Rc8 17.Ne2 Ba4 18.Nc3 g5 19.Bg3 Bc6 20.Qe3 Be7 21.Rd2 Ne5 22.Rhd1 h5
23.Ne2 h4 24.Bf2 Rce8 25.h3 Kc8 26.Nd4 Ref8 27.c4 Rd8 28.Nxc6 bxc6 29.c5 dxc5
30.Qc3 Rxd2 31.Rxd2 Rd8 32.Rxd8+ Kxd8 33.Kc2 Kd7 34.Bc4 Nxc4 35.Qxc4 Qh2
36.Qd3+ Ke8 37.Qf1 Bf6 38.Qxa6 Qxg2 39.Qxc6+ Kf8 40.Qxc5+ Be7 41.Qd4 e5 42.Qb6 Qxh3
43.Bc5 Qg2+ 44.Kc1 Bxc5 45.Qb8+ Kg7 46.Qxe5+ f6 47.Qxc5 Qxf3 48.Qe7+ Kh6
49.Qe8 g4 50.Qh8+ Kg5 51.Qg7+ Kf4 52.Qxf6+ Kg3 53.Qd4 h3 54.Qg1+ Kf4  0-1

[Event "Minsk"]
[Site "Minsk"]
[Date "1982.??.??"]
[Round "?"]
[White "Marjanovic, Slavoljub"]
[Black "Mochalov, Evgeny V"]
[Result "0-1"]
[WhiteElo "2515"]
[BlackElo "2435"]

1.e4 c5 2.Nf3 Nc6 3.d4 cxd4 4.Nxd4 Nf6 5.Nc3 d6 6.Bg5 e6 7.Qd2 Be7 8.O-O-O O-O
9.f4 d5 10.exd5 exd5 11.Nb3 Bb4 12.Be2 Bf5 13.Bf3 Rc8 14.g4 Bxc3 15.bxc3 Be4
16.Bxe4 Nxe4 17.Bxd8 Nxd2 18.Rxd2 Rfxd8 19.Kb2 Kf8 20.Rhd1 Ne7 21.Rd4 Re8
22.f5 Rc6 23.h3 Rec8 24.R4d3 Rb6 25.Re3 g6 26.fxg6 hxg6 27.a4 Rc4 28.a5 Rb5
29.Red3 Ra4 30.Kc1 Re4 31.Kb2 Re5 32.Ra1 a6 33.Ra4 Nc6 34.c4 dxc4 35.Rxc4 Nxa5
36.Rc7 Nxb3 37.cxb3 Rec5 38.Rd6 Kg7 39.Re7 Re5 40.Rc7 Re2+ 41.Rc2 Re3 42.Rc3 Re2+
43.Rc2 Rxc2+ 44.Kxc2 g5 45.Kb2 Re5 46.Rd7 b5 47.Ra7 Re8 48.Rxa6 Re3 49.Kc2 Rxh3
50.Rb6 Rg3 51.Rxb5 Rxg4 52.b4 Kg6 53.Rb8 Kf5 54.b5 Re4 55.Kc3 g4 56.Rg8 Re1
57.Kd4 Kf4 58.b6 Rb1 59.Kc5 f5 60.Kc6 Kg3 61.Rg5 f4 62.Rb5 Rh1 63.b7 Rh8
64.Kc7 f3 65.Rh5 Rf8 66.Rf5 Rg8 67.Rg5 Rf8 68.Rf5 Rxf5 69.b8=Q f2 70.Kd7+ Rf4
71.Qb3+ Rf3 72.Qb8+ Rf4 73.Qb3+ Rf3 74.Qb8+ Kg2 75.Qb2 Kh1 76.Qh8+ Kg1 77.Qd4 g3
78.Ke7 g2 79.Ke6 Rh3 80.Kd5 Kh1 81.Qc4 Rd3+ 82.Ke4 g1=Q  0-1

[Event "Minsk"]
[Site "Minsk"]
[Date "1982.??.??"]
[Round "?"]
[White "Kupreichik, Viktor D"]
[Black "Kuzmin, Gennadi P"]
[Result "1-0"]
[WhiteElo "2570"]
[BlackElo "2545"]

1.e4 c5 2.Nf3 Nc6 3.d4 cxd4 4.Nxd4 Nf6 5.Nc3 d6 6.Bg5 Bd7 7.Be2 a6 8.Bxf6 gxf6
9.O-O Qb6 10.Nf5 O-O-O 11.a4 Nb4 12.a5 Qc7 13.Na4 e6 14.Nd4 Bxa4 15.Rxa4 d5
16.c3 Nc6 17.exd5 Rxd5 18.Bf3 Rd6 19.Rc4 Rg8 20.Qa4 Rg5 21.Bxc6 bxc6 22.Nxc6  1-0

[Event "Moscow-ch"]
[Site "Moscow"]
[Date "1982.??.??"]
[Round "4"]
[White "Kremenietsky, Anatoly M"]
[Black "Makarichev, Sergey"]
[Result "1/2-1/2"]
[WhiteElo "2385"]
[BlackElo "2505"]

1.e4 c5 2.Nf3 d6 3.d4 cxd4 4.Nxd4 Nf6 5.Nc3 Nc6 6.Bg5 e6 7.Qd2 a6 8.O-O-O h6
9.Be3 Be7 10.f3 Nxd4 11.Bxd4 b5 12.Qf2 Bd7 13.Kb1 b4 14.Ne2 e5 15.Be3 Be6
16.Nc1 Qb8 17.Bd3 d5 18.exd5 Nxd5 19.Be4 Qb5 20.Rhe1 Rd8 21.Bd3 Qc6 22.Be4 Qb5
23.Bd3 Qc6 24.Nb3 Nxe3 25.Qxe3 Bd6 26.Be4 Qb5 27.g4 O-O 28.g5 Bxb3 29.axb3 Bc5
30.Qc1 Bf2 31.Rf1 Qb6 32.Rxd8 Rxd8 33.gxh6 Be3 34.h7+ Kh8 35.Qe1 a5 36.Qe2 Qc5
37.Qa6 Bg5 38.Qb7 Qe7 39.Qb6 g6 40.Rg1 Bh6 41.Qxa5 Bg7 42.Qb6 Rd6  1/2-1/2

[Event "Moscow-ch"]
[Site "Moscow"]
[Date "1982.??.??"]
[Round "11"]
[White "Aseev, Konstantin N"]
[Black "Makarichev, Sergey"]
[Result "0-1"]
[WhiteElo "2295"]
[BlackElo "2505"]

1.e4 c5 2.Nf3 d6 3.d4 cxd4 4.Nxd4 Nf6 5.Nc3 Nc6 6.Bg5 e6 7.Qd2 a6 8.O-O-O h6
9.Be3 Be7 10.Be2 Nxd4 11.Qxd4 e5 12.Qa4+ Bd7 13.Qb3 b5 14.f4 Be6 15.Nd5 Bxd5
16.exd5 Nd7 17.Kb1 Bf6 18.f5 Qe7 19.g4 Bg5 20.Qd3 Rc8 21.Qa3 Bxe3 22.Qxe3 Qh4
23.Rd2 Nf6 24.Qb6 O-O 25.Qxa6 Ne4 26.Rdd1 Qf2 27.Bd3 Ra8 28.Qc6 Nd2+ 29.Rxd2 Qxd2
30.a3 b4 31.axb4 Qxb4 32.c3 Qxg4 33.Re1 e4 34.Bc2 Qxf5 35.Qxd6 Qf2 36.Rc1 Rfe8
37.Qg3 Qa7 38.Bb3 Reb8 39.c4 e3 40.Rc3 e2 41.Kc2 Qa1  0-1

[Event "Moscow-ch"]
[Site "Moscow"]
[Date "1982.??.??"]
[Round "14"]
[White "Makarichev, Sergey"]
[Black "Averbakh, Yuri L"]
[Result "1-0"]
[WhiteElo "2505"]
[BlackElo "2490"]

1.e4 c5 2.Nf3 Nc6 3.d4 cxd4 4.Nxd4 Nf6 5.Nc3 d6 6.Bg5 Bd7 7.Qd2 a6 8.O-O-O b5
9.Nxc6 Bxc6 10.Qe1 Qa5 11.Kb1 h6 12.Bxf6 gxf6 13.f4 O-O-O 14.Bd3 e6 15.Qh4 Be7
16.Qh5 Rdf8 17.Rhe1 Qb6 18.Nd5 Qd8 19.Qe2 Re8 20.Nxe7+ Rxe7 21.c4 Rb7 22.e5 fxe5
23.fxe5 d5 24.cxd5 Bxd5 25.Be4 Kb8 26.Bxd5 exd5 27.e6 Qg5 28.Qe5+ Qxe5 29.Rxe5 Re7
30.Rdxd5 Rxe6 31.Rxe6 fxe6 32.Rd6 Kb7 33.Rxe6 Rf8 34.Re2 Kc6 35.Kc2 Kd5 36.Rd2+ Ke5
37.Kb3 Rf4 38.g3 Rf6 39.Kb4 Ke4 40.Ka5 Ke3 41.Rc2 Kf3 42.Rd2 Ke3 43.Rd1 Rf2
44.Rb1 Kd3 45.Kxa6 b4 46.Kb5 b3 47.axb3 Kc2 48.Rg1 Kxb3 49.h4 Rh2 50.Kc5 Kxb2
51.Kd4 h5 52.Ke3 Rc2 53.Rd1 Rc8 54.Rd5 Rh8 55.Rc5 Kb3 56.Kd4 Kb4 57.Rg5 Rh6
58.Ke5 Kc4 59.Kf5 Kd4 60.Rg8  1-0

[Event "POL-ch"]
[Site "POL"]
[Date "1982.??.??"]
[Round "?"]
[White "Ksieski, Zbigniew"]
[Black "Bielczyk, Jacek"]
[Result "1/2-1/2"]
[WhiteElo "2375"]
[BlackElo "2390"]

1.e4 c5 2.Nf3 d6 3.d4 cxd4 4.Nxd4 Nf6 5.Nc3 Nc6 6.Bg5 Bd7 7.Qd2 Rc8 8.O-O-O Nxd4
9.Qxd4 Qa5 10.f4 e6 11.e5 dxe5 12.fxe5 Bc6 13.Bb5 Nd5 14.Nxd5 Bxb5 15.Nc3 Bc6
16.Rhf1 h6 17.Bh4 Qc7 18.Qg4 g5 19.Bf2 h5 20.Qg3 b5  1/2-1/2

[Event "Bohemians"]
[Site "Prague"]
[Date "1982.??.??"]
[Round "1"]
[White "Nicevski, Risto"]
[Black "Mujagic, Ramo"]
[Result "1/2-1/2"]
[WhiteElo "2370"]
[BlackElo "2340"]

1.e4 c5 2.Nf3 d6 3.d4 cxd4 4.Nxd4 Nf6 5.Nc3 Nc6 6.Bg5 e6 7.Qd2 Be7 8.O-O-O O-O
9.Nb3 a6 10.f4 Na5 11.Kb1 Nxb3 12.cxb3 Qc7 13.Bxf6 Bxf6 14.Qxd6 Qxd6 15.Rxd6 b5
16.e5 Be7 17.Rd2 Bc5 18.g3 b4 19.Na4 Be3 20.Bg2 Bxd2 21.Bxa8 Be3 22.Re1 Ba7
23.Rc1 Be3 24.Re1 Ba7 25.Rd1 a5 26.Rd6 Bg1  1/2-1/2

[Event "Bohemians"]
[Site "Prague"]
[Date "1982.??.??"]
[Round "2"]
[White "Cuartas, Carlos"]
[Black "Nicevski, Risto"]
[Result "0-1"]
[WhiteElo "2435"]
[BlackElo "2370"]

1.e4 c5 2.Nf3 d6 3.d4 Nf6 4.Nc3 cxd4 5.Nxd4 Nc6 6.Bg5 e6 7.Qd2 a6 8.O-O-O h6
9.Bf4 Bd7 10.Nb3 Ne5 11.Bg3 Be7 12.f4 Nh5 13.Kb1 Nxg3 14.hxg3 Nc6 15.g4 Rg8
16.Be2 Qb6 17.Bf3 O-O-O 18.g3 Kb8 19.Rh5 Rge8 20.a3 Bf8 21.Rh2 Rc8 22.Qf2 Qxf2
23.Rxf2 Rc7 24.Rfd2 Rec8 25.Ne2 Ka7 26.Ned4 b5 27.c3 Kb6 28.Nxc6 Bxc6 29.Nd4 Ba8
30.f5 e5 31.Nc2 Rc4 32.Re1 a5 33.Ne3 R4c5 34.Red1 R8c7 35.Ka2 Ka7 36.Kb3 Bc6
37.Kc2 Bb7 38.Rd3 b4 39.axb4 axb4 40.Ra1+ Kb8 41.c4 d5 42.exd5 e4 43.Bxe4 Rxc4+
44.Nxc4 Rxc4+ 45.Kd2 Rxe4 46.d6 Re8 47.Rc1 Rd8 48.Rc7 Be4 49.Rd4 Rxd6 50.Rc4 Bd5
51.Rxb4+ Kc7 52.Ra4 Rd8 53.Ra7+ Kb6 54.Raa4 Bc5 55.Rd3 Kb5 56.Re4 Bb4+ 57.Ke3 Bc5+
58.Ke2 Bc4 59.Rxc4 Re8+ 60.Kf3 Kxc4 61.Rd7  0-1

[Event "Bohemians"]
[Site "Prague"]
[Date "1982.??.??"]
[Round "12"]
[White "Mokry, Karel"]
[Black "Mujagic, Ramo"]
[Result "1-0"]
[WhiteElo "2420"]
[BlackElo "2340"]

1.e4 c5 2.Nf3 d6 3.d4 cxd4 4.Nxd4 Nf6 5.Nc3 Nc6 6.Bg5 e6 7.Qd2 a6 8.O-O-O Bd7
9.f4 b5 10.Nxc6 Bxc6 11.Bd3 Be7 12.Qe1 Qb8 13.Kb1 h6 14.Bh4 Qb7 15.Rf1 b4
16.Bxf6 gxf6 17.Ne2 Qb6 18.f5 e5 19.Ng3 Qc5 20.Qe2 a5 21.Bc4 Rc8 22.b3 a4
23.Rd3 Kf8 24.Rfd1 axb3 25.cxb3 Bb7 26.Nh5 Rd8 27.g4 Rd7 28.R3d2 Bc6 29.Rc2 Qb6
30.Bd5 Bb5 31.Bc4 Bc6 32.Bd5 Bb5 33.Qd2 Bd8 34.Bc4 Bc6 35.Bd5 Bb5 36.Rdc1 Ke7
37.Bc4 Bc6 38.Bd5 Bb5 39.Bc6 Rc7 40.Bxb5 Rxc2 41.Rxc2 Qxb5 42.Rc4 Ba5 43.Qf2 Qa6
44.Qd2 Qb6 45.h3 Qb5 46.h4 Qb6 47.g5 fxg5 48.hxg5 Qg1+ 49.Rc1 Qd4 50.Qxd4 exd4
51.g6 fxg6 52.fxg6 Rg8 53.g7 Bb6 54.Kc2 Kf7 55.Rf1+ Kg6 56.Rf8 Rxg7 57.Nxg7 Kxg7
58.Rf5 Bc5 59.Kd3 Kg6 60.Rd5 Kf6 61.e5+ Ke6 62.Ke4 d3 63.exd6 Bxd6 64.Rxd3 Be7
65.Rd5 Kf6 66.Ra5 Kg6 67.Kf4 Bg5+ 68.Kf3 Kf7 69.Kg4 Kf6 70.Rb5 Bd2 71.Rd5 Be1
72.Rd6+ Ke5 73.Rxh6 Kd5 74.Rh1 Bf2 75.Kf3 Bb6 76.Rh5+ Kc6 77.Ke4 Bf2 78.Kd3 Kb6
79.Kc4  1-0

[Event "Reykjavik op"]
[Site "Reykjavik"]
[Date "1982.??.??"]
[Round "?"]
[White "Ivanovic, Bozidar"]
[Black "Schneider, Lars Ake"]
[Result "0-1"]
[WhiteElo "2485"]
[BlackElo "2435"]

1.e4 c5 2.Nf3 Nc6 3.d4 cxd4 4.Nxd4 Nf6 5.Nc3 d6 6.Bg5 e6 7.Qd2 a6 8.O-O-O Bd7
9.Qe1 Be7 10.f4 h6 11.Bxf6 Bxf6 12.e5 Be7 13.Nf5 exf5 14.exd6 Be6 15.dxe7 Qxe7
16.g3 O-O 17.Bg2 Rac8 18.Qf2 Nb4 19.Rhe1 Rxc3 20.bxc3 Nxa2+ 21.Kb2 Nxc3 22.Rd4 Qc5
23.Qe3 Rc8 24.Qd3 Qa5 25.Re5 Na4+ 26.Kc1 Nc5 27.Rxc5 Rxc5 28.Bf3 Rc3  0-1

[Event "Reykjavik op"]
[Site "Reykjavik"]
[Date "1982.??.??"]
[Round "?"]
[White "Byrne, Robert E"]
[Black "Ivanovic, Bozidar"]
[Result "1/2-1/2"]
[WhiteElo "2515"]
[BlackElo "2485"]

1.e4 c5 2.Nf3 Nc6 3.d4 cxd4 4.Nxd4 Nf6 5.Nc3 d6 6.Bg5 e6 7.Qd2 Be7 8.O-O-O O-O
9.f4 h6 10.Bh4 Bd7 11.Nf3 Qa5 12.Kb1 Rfd8 13.Bd3 b5 14.Nxb5 Qb6 15.Rhe1 Rab8
16.b3 Be8 17.f5 Ne5 18.Nc3 a5 19.fxe6 fxe6 20.Bf1 Rdc8 21.a4 Nc4 22.Bxc4 Rxc4
23.Ka1 Qc5 24.Re3 Bxa4 25.Nxa4 Qa3+ 26.Kb1 Rxa4 27.Qc3 Qa2+ 28.Kc1 d5 29.Qe5 Qa3+
30.Kd2 Qb4+ 31.Ke2 Qb5+ 32.Ke1 Qb6 33.exd5 Nxd5 34.Qxe6+ Qxe6 35.Rxe6 Bxh4+
36.Kf1 Nc3 37.bxa4 Nxd1 38.Nxh4 Nc3 39.Ra6 Rb4 40.g3 Rxa4 41.Nf5 Ra1+ 42.Kf2 a4
43.Ke3 a3 44.Kd3 Nd5 45.Kc4 a2 46.Nd4  1/2-1/2

[Event "DDR-ch 31th"]
[Site "Salzwedel"]
[Date "1982.??.??"]
[Round "1"]
[White "Vogt, Lothar"]
[Black "Rossmann, Helmut"]
[Result "1/2-1/2"]
[WhiteElo "2495"]
[BlackElo "2305"]

1.e4 c5 2.Nf3 d6 3.d4 cxd4 4.Nxd4 Nf6 5.Nc3 Nc6 6.Bg5 e6 7.Qd2 a6 8.O-O-O Bd7
9.f4 Be7 10.Nf3 b5 11.Bxf6 gxf6 12.Kb1 Qb6 13.f5 O-O-O 14.g3 Kb8 15.fxe6 fxe6
16.Bh3 Bc8 17.Rhe1 h5 18.Nh4 Ne5 19.Ne2 f5 20.Nd4 Bxh4 21.gxh4 fxe4 22.Rxe4 Nc4
23.Qb4 d5 24.Ree1 e5 25.Bxc8 Rxc8 26.Nf3 e4 27.Nd4 Rhe8 28.Qc3 e3 29.Qd3 Qf6
30.c3 Qxh4 31.b3 Nd2+ 32.Ka1 Qxh2 33.Rxe3 Rxe3 34.Qxe3 Ne4 35.Nxb5 axb5 36.Qb6+ Ka8  1/2-1/2

[Event "DDR-ch (Women) "]
[Site "Salzwedel"]
[Date "1982.??.??"]
[Round "8"]
[White "Burchardt Hofman, Brigitte"]
[Black "Broeder, Iris"]
[Result "0-1"]
[WhiteElo "2180"]
[BlackElo "2085"]

1.e4 c5 2.Nf3 Nc6 3.d4 cxd4 4.Nxd4 Nf6 5.Nc3 d6 6.Bg5 e5 7.Ndb5 a6 8.Bxf6 gxf6
9.Na3 Rg8 10.Nd5 f5 11.Qf3 Be6 12.O-O-O Nd4 13.Qe3 fxe4 14.Qxe4 f5 15.Qe1 Bxd5
16.Rxd4 Be4 17.Rd1 Qc7 18.f3 Bc6 19.Nc4 O-O-O 20.Kb1 Bh6 21.Bd3 Rxg2 22.Bxf5+ Kb8
23.Qf1 Rg7 24.b3 d5 25.Nb2 Be3 26.Qe1 Bd4 27.c3 Bb6 28.Nd3 Rf8 29.Bh3 Rxf3
30.Be6 Re3 31.Qh4 d4 32.Rhf1 Be4 33.Rf8+ Ka7 34.Rc8 Qd6 35.Qf6 Rg6 36.Qh8 Bxd3+
37.Rxd3 Re1+ 38.Kc2 Rg2+ 39.Rd2 d3+  0-1

[Event "Sarajevo"]
[Site "Sarajevo"]
[Date "1982.??.??"]
[Round "?"]
[White "Makarichev, Sergey"]
[Black "Popovic, Petar"]
[Result "1/2-1/2"]
[WhiteElo "2505"]
[BlackElo "2495"]

1.e4 c5 2.Nf3 d6 3.d4 cxd4 4.Nxd4 Nf6 5.Nc3 Nc6 6.Bg5 Qb6 7.Nb3 a6 8.Be3 Qd8
9.f4 e6 10.Qf3 Qc7 11.Bd3 b5 12.O-O Bb7 13.f5 Ne5 14.Qh3 exf5 15.Qxf5 Be7
16.Nd4 O-O 17.Qf4 g6 18.h3 Rae8 19.Nf3 Nxf3+ 20.Rxf3 Nd7 21.Bd4 Ne5 22.Rf2 Qd8
23.Rff1 Bg5 24.Qf2 Bh6 25.a4 b4 26.Nd5 Bxd5 27.exd5 Qa5 28.Rfd1 Rb8 29.Bxe5 dxe5
30.d6 Qb6 31.Qxb6 Rxb6 32.d7 Be3+ 33.Kh2 Rd8 34.Be2 Bd4 35.c3 bxc3 36.bxc3 Bxc3
37.Rac1 Bb4 38.Rc8 Be7 39.a5 Rb7 40.Bxa6 Ra7 41.Bc4 Rxd7 42.Rxd7 Rxc8 43.Ba6 Ra8
44.Bc4 Rc8  1/2-1/2

[Event "Sarajevo"]
[Site "Sarajevo"]
[Date "1982.??.??"]
[Round "?"]
[White "Sax, Gyula"]
[Black "Makarichev, Sergey"]
[Result "1/2-1/2"]
[WhiteElo "2550"]
[BlackElo "2505"]

1.e4 c5 2.Nf3 d6 3.d4 cxd4 4.Nxd4 Nf6 5.Nc3 Nc6 6.Bg5 e6 7.Qd2 a6 8.O-O-O h6
9.Be3 Be7 10.f4 Nxd4 11.Bxd4 b5 12.Bd3 Bb7 13.Qe2 Qa5 14.e5 Nd5 15.exd6 Bxd6
16.Be4 O-O-O 17.Kb1 Nf6 18.Bxb7+ Kxb7 19.Qf3+ Kb8 20.Qc6 Bc7 21.Qc5 Kb7 22.Qa7+ Kc6
23.Ne2 Ra8 24.Qc5+ Kb7 25.Qe7 Rhf8 26.Bxf6 Rae8 27.Qc5 gxf6  1/2-1/2

[Event "Smederevska Palanka"]
[Site "Smederevska Palanka"]
[Date "1982.??.??"]
[Round "2"]
[White "Jansa, Vlastimil"]
[Black "Radulov, Ivan"]
[Result "0-1"]
[WhiteElo "2475"]
[BlackElo "2505"]

1.e4 c5 2.Nf3 Nc6 3.d4 cxd4 4.Nxd4 Nf6 5.Nc3 d6 6.Bg5 e6 7.Qd2 a6 8.O-O-O h6
9.Bf4 Bd7 10.Nxc6 Bxc6 11.Qe1 Qc7 12.e5 d5 13.Bg3 Nh5 14.f4 g5 15.f5 Nxg3
16.Qxg3 O-O-O 17.Bd3 exf5 18.Bxf5+ Kb8 19.Rhe1 Bg7 20.e6 Qxg3 21.hxg3 fxe6
22.Rxe6 d4 23.Ne2 Bxg2 24.Be4 Bxe4 25.Rxe4 h5 26.Nxd4 h4 27.gxh4 gxh4 28.c3 h3
29.Rh1 Bxd4 30.cxd4 Rdg8 31.Kd2 Rg2+ 32.Re2 Rxe2+ 33.Kxe2 Kc7 34.Rh2 Kd6
35.Kd3 Kd5 36.Kc3 Rh4 37.b3 a5 38.a3 b5 39.Kd3 Rxd4+ 40.Ke3 Rh4  0-1

[Event "Smederevska Palanka"]
[Site "Smederevska Palanka"]
[Date "1982.??.??"]
[Round "3"]
[White "Barlov, Dragan"]
[Black "Nikolic, Stanimir"]
[Result "0-1"]
[WhiteElo "2405"]
[BlackElo "2385"]

1.e4 c5 2.Nf3 Nc6 3.d4 cxd4 4.Nxd4 Nf6 5.Nc3 d6 6.Bg5 e6 7.Qd2 a6 8.O-O-O Be7
9.f4 Bd7 10.Nf3 h6 11.Bh4 b5 12.e5 dxe5 13.fxe5 b4 14.exf6 bxc3 15.Qxd7+ Qxd7
16.Rxd7 Kxd7 17.fxe7 cxb2+ 18.Kxb2 Rhb8+ 19.Kc1 f6 20.Bg3 Rc8 21.Bc4 Kxe7
22.Rd1 e5 23.Bd5 Rab8 24.Nh4 Nb4 25.Nf5+ Kf8 26.Bb3 g6 27.Ne3 Rc7 28.Bf2 Kg7
29.Rd6 a5 30.Kd2 Rbb7 31.a3 Rd7 32.Rxd7+ Rxd7+ 33.Ke2 Nc6 34.Nc4 g5 35.c3 Rb7
36.Bc2 Rb8 37.a4 h5 38.Be3 h4 39.Kf3 Ne7 40.Ke4 Rc8 41.Bd3 Rd8 42.Be2 Nd5
43.Bd2 Kg6 44.Bd3 Nf4 45.Bc2 f5+ 46.Kf3 e4+ 47.Kf2 Kf6 48.g3 Nd3+ 49.Ke2 h3
50.Nxa5 Ne5 51.c4 Ng4 52.Bc3+ Kg6 53.Nc6 Re8 54.a5 Nxh2 55.Ne5+ Rxe5 56.Bxe5 Ng4
57.Kf1 Nxe5 58.c5 g4 59.Ba4 f4 60.gxf4 Nd3 61.c6 h2 62.Kg2 g3  0-1

[Event "Smederevska Palanka"]
[Site "Smederevska Palanka"]
[Date "1982.??.??"]
[Round "11"]
[White "Barlov, Dragan"]
[Black "Radulov, Ivan"]
[Result "1/2-1/2"]
[WhiteElo "2405"]
[BlackElo "2505"]

1.e4 c5 2.Nf3 Nc6 3.d4 cxd4 4.Nxd4 Nf6 5.Nc3 d6 6.Bg5 e6 7.Qd2 a6 8.O-O-O h6
9.Bf4 Bd7 10.Nxc6 Bxc6 11.Qe1 Qa5 12.Bc4 Be7 13.f3 Qc7 14.Bb3 O-O-O 15.h4 Rhg8
16.h5 Nd7 17.a3 Nc5 18.Ba2 Kb8 19.Kb1 Ka8 20.Qf2 Rc8 21.Rd2 Na4 22.Nxa4 Bxa4
23.Bb3 Bxb3 24.cxb3 Rgd8 25.Rhd1 Qc6 26.Ka2 d5 27.exd5 exd5 28.Be5 g6 29.hxg6 fxg6
30.f4 Bc5 31.Qf3 d4 32.Qxc6 Rxc6 33.b4 Bb6 34.Kb3 g5 35.fxg5 Rd5 36.Bxd4 Rxg5
37.Bxb6 Rxb6 38.Rf1 Rbg6 39.Rff2 h5 40.Rd8+ Ka7  1/2-1/2

[Event "BUL-ch"]
[Site "Sofia"]
[Date "1982.??.??"]
[Round "5"]
[White "Toshkov, Tihomir"]
[Black "Spassov, Liuben"]
[Result "1/2-1/2"]
[WhiteElo "2370"]
[BlackElo "2450"]

1.e4 c5 2.Nf3 d6 3.d4 cxd4 4.Nxd4 Nf6 5.Nc3 Nc6 6.Bg5 e6 7.Qd2 Be7 8.O-O-O O-O
9.f4 Nxd4 10.Qxd4 Qa5 11.Qe3 Rd8 12.Be2 Bd7 13.e5 dxe5 14.fxe5 Nd5 15.Nxd5 Bxg5
16.Qxg5 exd5 17.Kb1 d4 18.Rxd4 Be6 19.Rxd8+ Rxd8 20.b3 f6 21.Qh4 Qxe5 22.Bd3 Bf5
23.Re1 Qc5 24.Bxf5 Qxf5 25.Qc4+ Kh8 26.Qf7 h6 27.Qxb7 Rd2 28.Qc6 Kh7 29.Re7 Qf1+
30.Kb2 Rxg2 31.Rf7 Qe2 32.Qc7 Qe4 33.Re7 Qd4+ 34.Qc3 Qxc3+ 35.Kxc3 Rxh2 36.b4 h5
37.b5 Rh3+ 38.Kb2 Rh4 39.a3 Rd4 40.Rxa7 h4 41.Re7 Kh6 42.Kc3 Rd8 43.b6 g5
44.a4 h3 45.Re1 g4 46.Rh1 Kg5 47.a5 Kh4 48.b7 g3 49.Rd1 Rxd1 50.b8=Q h2 51.Qf4+ Kh3
52.Qf5+ Kg2 53.Qe4+ Kf2 54.Qf4+ Kg2 55.Qe4+ Kf2 56.Qf4+  1/2-1/2

[Event "BUL-ch"]
[Site "Sofia"]
[Date "1982.??.??"]
[Round "5"]
[White "Inkiov, Ventzislav"]
[Black "Nikolov, Sasho"]
[Result "1/2-1/2"]
[WhiteElo "2475"]
[BlackElo "2335"]

1.e4 c5 2.Nf3 Nc6 3.d4 cxd4 4.Nxd4 Nf6 5.Nc3 d6 6.Bg5 Bd7 7.Qd2 Rc8 8.f4 Nxd4
9.Qxd4 Qa5 10.e5 dxe5 11.fxe5 e6 12.O-O-O Bc6 13.Nb5 Bxb5 14.exf6 g6 15.Bxb5+ Qxb5
16.h4 Bc5 17.Qd3 Qxd3 18.Rxd3 h6 19.Bf4 Rd8 20.Rhd1 Rxd3 21.Rxd3 g5 22.Bc7 O-O
23.h5 b5 24.Bd6 Bxd6 25.Rxd6 Rc8 26.Rd7 a6 27.Kd2 Rc4 28.Rd8+ Kh7 29.Rf8 Rg4
30.Rxf7+ Kg8 31.Rg7+ Kf8 32.Ke3 Rxg2 33.Kd4 Rxc2 34.Ke5 Re2+ 35.Kd6 g4 36.b4 Re4
37.Kd7 g3 38.Rxg3 Kf7 39.Rg7+ Kxf6 40.Rg6+ Kf7 41.a3 Rd4+  1/2-1/2

[Event "Vinkovci"]
[Site "Vinkovci"]
[Date "1982.??.??"]
[Round "5"]
[White "Matulovic, Milan"]
[Black "Ivanovic, Bozidar"]
[Result "1/2-1/2"]
[WhiteElo "2460"]
[BlackElo "2485"]

1.e4 c5 2.Nf3 Nc6 3.d4 cxd4 4.Nxd4 Nf6 5.Nc3 d6 6.Bg5 e6 7.Qd2 Be7 8.O-O-O O-O
9.f4 h6 10.Bh4 Bd7 11.Ndb5 Nxe4 12.Bxe7 Nxd2 13.Bxd8 Nxf1 14.Bc7 Ne3 15.Rxd6  1/2-1/2

[Event "Vinkovci"]
[Site "Vinkovci"]
[Date "1982.??.??"]
[Round "13"]
[White "Ivanovic, Bozidar"]
[Black "Popovic, Petar"]
[Result "1-0"]
[WhiteElo "2485"]
[BlackElo "2495"]

1.e4 c5 2.Nf3 d6 3.d4 cxd4 4.Nxd4 Nf6 5.Nc3 Nc6 6.Bg5 Qb6 7.Nb3 e6 8.Qd2 a6
9.O-O-O Be7 10.Kb1 Qc7 11.f4 Bd7 12.e5 dxe5 13.fxe5 Nd5 14.Nxd5 exd5 15.Bxe7 Nxe7
16.Qg5 Bf5 17.Nd4 Bg6 18.Bd3 O-O 19.Rhe1 Rac8 20.h4 Nc6 21.Bxg6 hxg6 22.c3 Rfe8
23.Nf3 Rcd8 24.h5 Re6 25.h6 Qe7 26.Qf4 gxh6 27.Qxh6 Qf8 28.Qh4 Qg7 29.Qg5 Rd7
30.Rd3 b5 31.Qf4 Re8 32.Rde3 Rde7 33.b3 a5 34.g4 b4 35.cxb4 axb4 36.g5 Qh8
37.R3e2 Re6 38.Rh2 Qg7 39.Reh1 Nxe5 40.Qh4 Kf8 41.Qxb4+ Kg8 42.Qh4 Kf8 43.Nd4 Rb6
44.Qh8+  1-0

[Event "Yerevan"]
[Site "Yerevan"]
[Date "1982.??.??"]
[Round "10"]
[White "Mnatsakanian, Eduard A"]
[Black "Robatsch, Karl"]
[Result "1/2-1/2"]
[WhiteElo "2450"]
[BlackElo "2415"]

1.e4 c5 2.Nf3 d6 3.d4 cxd4 4.Nxd4 Nf6 5.Nc3 Nc6 6.Bg5 Bd7 7.Qd2 Rc8 8.O-O-O Nxd4
9.Qxd4 Qa5 10.Bd2 g6 11.Kb1 Qc7 12.Bg5 Bg7 13.Qd2 Qa5 14.f3 Rxc3 15.e5 Nd5
16.Qxd5 Rc5 17.Qxb7 Bxe5 18.Be3 Bc8 19.Qb8 Qc7 20.Qb3 Ra5 21.Bd2 Rc5 22.Bb4 Be6
23.Qa3 Rd5 24.Rxd5 Bxd5 25.Bb5+ Kf8 26.Rd1 Be6 27.g3 Kg7 28.Ba4 Rb8 29.Bb3 Qb7
30.Bxe6 Qxb4 31.Qxb4 Rxb4 32.Bb3 a5 33.c3 Rb6 34.Kc2 g5 35.a4 Ra6 36.Rd5 e6
37.Rb5 d5 38.Kd3 Bc7 39.Rc5 Bd6 40.Rb5 Bc7 41.Rb7 Bb6 42.Bd1 Bg1 43.h3 Bf2
44.g4 Rb6 45.Rxb6  1/2-1/2

[Event "Yerevan zt"]
[Site "Yerevan"]
[Date "1982.??.??"]
[Round "13"]
[White "Gavrikov, Viktor"]
[Black "Tukmakov, Vladimir B"]
[Result "0-1"]
[WhiteElo "2430"]
[BlackElo "2500"]

1.e4 c5 2.Nf3 d6 3.d4 cxd4 4.Nxd4 Nf6 5.Nc3 Nc6 6.Bg5 e6 7.Qd2 a6 8.O-O-O h6
9.Bf4 Bd7 10.Nxc6 Bxc6 11.Qe1 Qa5 12.Bc4 Be7 13.f3 b5 14.Bb3 Qc7 15.Ne2 O-O
16.g4 a5 17.a3 Rfc8 18.Kb1 a4 19.Ba2 b4 20.axb4 Bxe4 21.fxe4 Qxc2+ 22.Ka1 a3
23.Rb1 Qxe4 24.Bd2 Nd5 25.Nc1 Qxe1 26.Rxe1 Bf6 27.Rd1 Rc2 28.Nd3 Nb6 29.Bc1 Nc4
30.b5 Na5  0-1

[Event "DDR-BUL"]
[Site "Zinnowitz"]
[Date "1982.??.??"]
[Round "2"]
[White "Tringov, Georgi P"]
[Black "Malich, Burkhard"]
[Result "1/2-1/2"]
[WhiteElo "2460"]
[BlackElo "2435"]

1.e4 c5 2.Nf3 d6 3.d4 cxd4 4.Nxd4 Nf6 5.Nc3 Nc6 6.Bg5 e6 7.Qd2 a6 8.O-O-O Bd7
9.f3 Rc8 10.Nxc6 Bxc6 11.Ne2 Be7 12.h4 h6 13.Be3 d5 14.e5 Nd7 15.f4 Nc5 16.Qe1 Ba4
17.Nd4 Qc7 18.Kb1 Ne4 19.Rc1 O-O 20.Bd3 Bc5 21.g4 Bd7 22.c3 b5 23.Rg1 Qa7
24.Bxe4 dxe4 25.Qd2 Qb8 26.Nc2 Bxe3 27.Qxe3 Bc6 28.g5 h5 29.g6 Qc7 30.Rg5 fxg6
31.Rxg6 Rce8 32.Rcg1 Re7 33.Nd4 Bd5 34.Qe2 Qc4 35.Qxc4 Bxc4 36.b3 Bd3+ 37.Kc1 Rxf4
38.Rxg7+ Rxg7 39.Rxg7+ Kh8 40.Nxe6 Rf2 41.Rd7 e3 42.Rxd3 Rf1+ 43.Kc2 e2 44.Rd8+ Kh7
45.Ng5+ Kg7 46.Nf3 Rxf3 47.Kd2 Re3 48.Ke1  1/2-1/2

[Event "BRA-ch 50th"]
[Site "Sao Paulo"]
[Date "1983.05.??"]
[Round "3"]
[White "Milos, Gilberto"]
[Black "Masculo, Jose"]
[Result "0-1"]
[WhiteElo "2380"]
[BlackElo "2300"]

1.e4 c5 2.Nf3 Nc6 3.d4 cxd4 4.Nxd4 Nf6 5.Nc3 d6 6.Bg5 e6 7.Qd2 a6 8.O-O-O Bd7
9.f4 b5 10.Bxf6 gxf6 11.Nxc6 Bxc6 12.Qe3 Qe7 13.Bd3 b4 14.Ne2 Qa7 15.Qh3 Qc5
16.Kb1 a5 17.f5 e5 18.c3 d5 19.Qh4 Be7 20.exd5 Bxd5 21.Be4 Bxe4+ 22.Qxe4 O-O
23.Rd7 Rad8 24.Rhd1 Rxd7 25.Rxd7 Rd8 26.Rxd8+ Bxd8 27.c4 Bb6 28.Kc2 a4 29.Qd5 Qf2
30.Qf3 Qc5 31.Qd3 a3 32.bxa3 bxa3 33.Ng3 Qg1 34.Qd2 Be3 35.Qd8+ Kg7 36.Kd3 Qd1+  0-1

[Event "BRA-ch 50th"]
[Site "Sao Paulo"]
[Date "1983.05.??"]
[Round "10"]
[White "Paolozzi, Marcos"]
[Black "Masculo, Jose"]
[Result "1/2-1/2"]
[WhiteElo "2375"]
[BlackElo "2300"]

1.e4 c5 2.Nf3 d6 3.d4 cxd4 4.Nxd4 Nf6 5.Nc3 Nc6 6.Bg5 Bd7 7.Qd2 Rc8 8.f4 Nxd4
9.Qxd4 Qa5 10.e5 dxe5 11.fxe5 e6 12.O-O-O Bc6 13.Nb5 Bxb5 14.exf6 Ba4 15.Bd2 Rxc2+
16.Kb1 Rxd2 17.Rxd2 gxf6 18.Bb5+ Bxb5 19.Rc1 Bb4 20.Rc8+ Ke7 21.Rc7+ Qxc7
22.Qxb4+ Ke8 23.Qxb5+ Qc6 24.Qd3 Qd5 25.Qc3 Qf5+ 26.Kc1 Kf8 27.Rd3 h5 28.Rg3 Qf1+
29.Kc2 Qe2+ 30.Kc1 Qf1+ 31.Kc2  1/2-1/2

[Event "Albena"]
[Site "Albena"]
[Date "1983.??.??"]
[Round "?"]
[White "Kruszynski, Wlodzimierz"]
[Black "Radulov, Ivan"]
[Result "1/2-1/2"]
[WhiteElo "2435"]
[BlackElo "2490"]

1.e4 c5 2.Nf3 Nc6 3.d4 cxd4 4.Nxd4 Nf6 5.Nc3 d6 6.Bg5 e6 7.Qd2 a6 8.O-O-O h6
9.Be3 Nxd4 10.Bxd4 b5 11.f4 Qa5 12.Kb1 b4 13.e5 dxe5 14.fxe5 Nd5 15.Nxd5 Qxd5
16.Be2 Bb7 17.Bf3 Qb5 18.Rhf1  1/2-1/2